1626 1423 1395 1191 1388 1620 1274 1349 1937 1172 1238 1611 1818 1004 1641 1141 1842 1480 1413 1185 1410 1843 1687 1284 1692 1213 1636 1867 1876 1496 1530 1784 1202 1608 1935 1417 1599 1028 1452 1910 1768 1074 1946 1859 1813 1339 1993 1714 1387 1811 1115 1666 1488 2000 1005 1083 1031 1177 1098 1799 1390 1253 1261 1577 1289 1970 1616 1118 1328 1042 1027 1107 1283 1035 1320 1293 1974 1093 1514 1883 1058 1206 1487 1778 1443 1149 1947 1530 1541 1612 1400 1573 1451 1608 1337 1768 1343 1070 1299 BCNSPRNW ULIB Ver.6.0+V

เปลี่ยนเป็นภาษาไทย

Change to English
 แสดงรายละเอียดบรรณานุกรม
  กลับหน้าหลัก

Brief Record : Get Marc (ISO 2709) : E-mail record : QR code < ปิดหน้าต่าง
LEADER : 00000nam 2200000uu 4500
001    13399115111
003     ULIB
008    110627s2550||||th 000 0 tha d
020    978974788412
082 04 นว.^bว328ห
090    นว.^bว328ห
100 0  วรินดา อลอนโซ
245 00 Chocolat chaud a Paris = เหตุเกิดที่ร้านช็อกโกแลต/^cวรินดา อลอนโซ
260    กรุงเทพฯ :^bเนชั่นบุ๊คส์,^c2550
300    302 หน้า
710 1  เนชั่นบุ๊คส์
945    ^p225^l0^i022027
995    ทศพร
999 ^a ใช้งานได้ทุกระบบ
รายการนี้ยังไม่มีแท็ก
คุณยังไม่ได้ล็อกอิน คุณสามารถมีกิจกรรมร่วมกับเว็บไซต์ได้ แต่ต้องล็อกอินก่อน ::
  ล็อกอิน

รายการสื่อสารสนเทศ

ลำดับที่ ประเภท เลขเรียก/บาร์โค้ด สถานที่ สถานะ
1. นวนิยาย
นวนิยาย
นว. ว328หนว. ว328ห ฉ.1 
  Barcode: 022027
ห้องสมุดวิทยาเขตสวรรค์ประชารักษ์
►นวนิยาย
บนชั้น
  ขอยืม

BibComment


ยังไม่เคยถูกคอมเมนท์

คอมเมนท์ทรัพยากรรายการนี้
  คอมเมนท์: Chocolat chaud a ..


 Copyright 2026. Bcnsprnw @Library